000 00820nam a2200217Ii 4500
003 JO-AjNU
008 230605s9999||||xx |||||||||||||| ||und||
017 _a2013/14809
020 _a978-977-473-067-2
040 _aJO-AjNU
_bara
_erda
_cJO-AjNU
041 _aara
050 1 4 _aHC498.D557 2014
100 3 _aمجموعة خبراء,
_eauthor
_952039
245 0 0 _aدراسات في الاقتصاد: بحوث علمية محكمة
264 3 1 _aالقاهرة: المنظمة العربية للتنمية الادارية، 2014
300 _a262ص باللغتين العربية والانجليزية
_bيشتمل على جداول
336 _atext
_btxt
_2rdacontent
337 _aunmediated
_bn
_2rdamedia
338 _avolume
_bnc
_2rdacarrier
650 4 _aالاقتصاد- بحوث محكمة
_952040
999 _aA23028
_c26596
_d26596